| 000 | 00457nam a2200181Ia 4500 | ||
|---|---|---|---|
| 001 | 23211 | ||
| 005 | 20260414150922.0 | ||
| 008 | 260414t2017||||xx |||||||||||||| ||spa|| | ||
| 041 | _aESP | ||
| 082 |
_a627 _bA122 |
||
| 100 |
_aAddario, Miguel d´ _eAUT |
||
| 245 | 0 |
_aManual de hidráulica : _bfundamentos, aplicaciones y ejercicios |
|
| 260 | _c2017 | ||
| 300 |
_a248 páginas : _c23 cm. |
||
| 650 | _a0 | ||
| 654 | _aCIC | ||
| 942 |
_cLIB _dJUS _fJUS _2ddc _n |
||
| 999 |
_c23211 _d23211 |
||